000 00487nam a2200181Ia 4500
003 GCL
008 140319s9999 xx 000 0 eng d
040 _aGCL /
_cGCL
082 0 4 _aCC
_b762.5
_bC E
100 1 _aCOQUIN, CHARALAMBIA
245 1 0 _aLES EDIFICES CHRETIENS DU VIEUX - CAIRE /
_cCOQUIN, CHARALAMBIA
260 _a[S.N] :
_bIFAO ،
_c1974
300 _a214 P
650 0 4 _aARCHITECTURE
650 0 4 _aCHURCH, ARCHITECTURE
650 0 4 _aCHRISTIAN BUILDING
942 _2ddc
_cBK
999 _c15608
_d15608